000
00327nam a2200133Ia 4500
100
_a
Machinery yellow back series
650
_a
Electrical Engineering
942
_c
BK
654
_a
Electronic
245
_a
Electronic Fundamentals No.28
260
_b
Machinery Publication & co
_c
2001
082
_a
621.3
546
_a
ENGLISH
999
_c
25107
_d
25107